| 000 | 00728cam a2200193 i 4500 | ||
|---|---|---|---|
| 999 |
_c7410 _d7410 |
||
| 003 | OSt | ||
| 005 | 20211118120901.0 | ||
| 008 | 161003s2015 sp a 000 0 spa | ||
| 020 | _a9788487641503 | ||
| 040 |
_aDLC _cCDMR _bcat |
||
| 100 | 1 |
_aHernando, Bernardino M. _93710 |
|
| 245 | 1 | 0 |
_a120 años de la Asociación de la Prensa de Madrid en fotos (1895-2015) / _cBernardino M. Hernando, Juan Manuel Bernardo Nieto. |
| 264 | 1 |
_aMadrid : _bAsociación de la Prensa de Madrid, _c2015. |
|
| 300 |
_a114 pàgines : _bfotografies; _c33 cm |
||
| 610 | 1 | 0 |
_aAsociación de la Prensa de Madrid _xHistòria _vFotografies |
| 650 | 0 |
_aPeriodisme _zEspanya _zMadrid _xHistòria _9382 |
|
| 700 | 1 | _aBernardo Nieto, Juan Manuel. | |
| 942 |
_2udc _cMON |
||